| 000 | 00772nam a22002057a 4500 | ||
|---|---|---|---|
| 005 | 20250508112713.0 | ||
| 010 | _aENG-144859 | ||
| 020 |
_a9788184249040 _c490.00 |
||
| 035 | _aEN-128391 | ||
| 037 | _bDBAD | ||
| 082 | _a378.1558 | ||
| 100 |
_aMurti, Murali _981092 |
||
| 245 |
_aCorporate social responsibility in karnataka : _cby Murali Murti; Hanuman Kennedy [and] Kalyani Rangarajan _bbet practices of linkages between social and corporate enterprises / |
||
| 260 |
_aNew Delhi _bAllied Publishers Pvt. Ltd. _c2013 |
||
| 270 |
_a1/13-14, Asaf Ali Road, _bNew Delhi _e110002 _k011-23239001 |
||
| 300 |
_a226p. _c24cm.(Hb) _bill. |
||
| 700 |
_dKennedy, Hanuman _981093 |
||
| 700 |
_dRangarajan, Kalyani _981094 |
||
| 942 |
_2ddc _cEN _mPON _h378.1558 |
||
| 999 |
_c211206 _d211206 |
||